| 000 | 00554cam5a220019300 4500 | ||
|---|---|---|---|
| 001 | tmp15345975 | ||
| 003 | UPRA | ||
| 005 | 20190816085454.0 | ||
| 008 | 950801s1919 fr fre u | ||
| 035 | _a(Sirsi) r124167 | ||
| 035 | _a(UPRA)tmp15345975 | ||
| 040 | _cUPRA | ||
| 100 | 1 |
_aMaurois, Andre, 1885-1967. _dMaurois, Andre, 1885-1967. _6A34984.1 |
|
| 245 | 1 | 0 |
_aNi ange ni b^ete : _broman. |
| 260 |
_a[Paris] : _bGrasset, _c[1919] |
||
| 440 | 0 |
_aLivre de poche _6S322.1 |
|
| 949 |
_aPQ2625.A95 _wlcc _i-178396 _mMAIN _tBOOK _lON-SHELF |
||
| 004 | 124167 | ||
| 999 |
_c80467 _d80467 |
||